000 00991nam a2200265 i 4500
003 DO-SdBNP
005 20250729142826.0
007 ta
008 250729b2013 dr ||||| |||| 00| 0 spa d
040 _aDO-SdBNP
_bspa
_cBNPHU
_erda
041 _aspa
082 4 _axxx
_bE79o 2013
_222
110 1 _aRepública Dominicana
_bUniversidad Autónoma de Santo Domingo
_972951
245 1 0 _aEstatuto orgánico aprobada por el Claustro Mayor :
_bsesiones del 30 de agosto de 2011, 25 de enero y 8 de febrero de 2012 /
_cpresentación, Mateo Aquino Febrillet
264 4 _aSanto Domingo :
_bEditora Universitaria-UASD,
_c©2013.
300 _a196 paginas ;
_c14 cm.
336 _atexto
_btxt
_2rdacontent
337 _asin medición
_bn
_2rdamedia
338 _avolumen
_bnc
_2rdacarrier
490 1 _aPublicaciones de la Universidad Autónoma de Santo Domingo
590 _aInventariado, 2025/BT
650 4 _aUniversidades
_zRepública Dominicana
_9729
910 _aBtavárez
942 _2ddc
_cLBS1
999 _c59674
_d59674